000 01485cam a2200349 a 4500
001 14125403
003 OSt
005 20231112081408.0
008 050929s2005 enka 000 0 eng
010 _a 2005282424
020 _a9780521609920 (pbk.)
020 _a0521609925 (pbk.)
040 _aDLC
_cDLC
_dDLC
050 0 0 _aPE1128.A2
_bS674 2005
082 _a420.07 S674 2005
100 1 _aSpratt, Mary.
245 1 4 _aThe TKT course :
_bteaching knowledge test /
_cMary Spratt, Alan Pulverness, Melanie Williams.
260 _aCambridge ;
_aNew York :
_bCambridge University Press,
_c2005.
300 _a188 p. :
_bill. ;
_c26 cm.
500 _a"Published in collaboration with Cambridge ESOL, University of Cambridge, ESOL Examinations: English for Speakers of Other Languages"--Cover.
650 0 _aEnglish language
_xStudy and teaching
_xForeign speakers.
650 0 _aEnglish language
_xExaminations
_vStudy guides.
650 0 _aEnglish teachers
_xTraining of.
650 0 _aEducation, Bilingual
_xTeacher training.
700 1 _aPulverness, Alan.
700 1 _aWilliams, Melanie,
_d1952-
856 4 1 _3Table of contents only
_uhttp://www.loc.gov/catdir/toc/fy0701/2005282424.html
856 4 2 _3Publisher description
_uhttp://www.loc.gov/catdir/enhancements/fy0632/2005282424-d.html
906 _a7
_bcbc
_corignew
_d2
_encip
_f20
_gy-gencatlg
942 _2ddc
_cBK-EN
_n0
999 _c6242
_d6242